| 000 | 01044cam a2200277 a 4500 | ||
|---|---|---|---|
| 999 |
_c10408 _d10408 |
||
| 001 | 2068193 | ||
| 003 | OSt | ||
| 005 | 20191221125852.0 | ||
| 008 | 940330s1995 nyua b 001 0 eng | ||
| 010 | _a 94013649 | ||
| 020 | _a9780195637946 | ||
| 040 |
_aDLC _cDLC _dDLC |
||
| 050 | 0 | 0 |
_aHD82 _b.L3273 1995 |
| 082 | 0 | 0 |
_a338.9 _220 _bMEI/L |
| 245 | 0 | 0 |
_aLeading issues in economic development / _c[edited by] Gerald M. Meier. |
| 250 | _a6th ed. | ||
| 260 |
_aNew York : _bOxford University Press, _c1995. |
||
| 300 |
_a[xxi], 591 p. : _bill. ; _c26 cm. |
||
| 504 | _aIncludes bibliographical references and index. | ||
| 650 | 0 | _aEconomic development. | |
| 700 |
_aMeier, Gerald M _9577 |
||
| 856 | 4 | 1 |
_3Table of contents only _uhttp://www.loc.gov/catdir/enhancements/fy0640/94013649-t.html |
| 906 |
_a7 _bcbc _corignew _d1 _eocip _f19 _gy-gencatlg |
||
| 942 |
_2ddc _cBK _h338.9 _iMEI/L _k338.9 _mMEI/L |
||